Normal view
MARC view
- Mindset
Entry Corporate Name
001 - CONTROL NUMBER
- control field: 102412
003 - CONTROL NUMBER IDENTIFIER
- control field: NUST
005 - DATE AND TIME OF LATEST TRANSACTION
- control field: 20221107124744.0
008 - FIXED-LENGTH DATA ELEMENTS
- fixed length control field: 221107|| aca||aabn | a|a d
040 ## - CATALOGING SOURCE
- Original cataloging agency: NUST
- Transcribing agency: NUST
110 ## - HEADING--CORPORATE NAME
- Corporate name or jurisdiction name as entry element: Mindset
670 ## - SOURCE DATA FOUND
- Source citation: Work cat.: (NUST)591446: S. Dweck, Carol 102411, Mindset :, 2017
